| 000 | 00473nam a2200169 i 4500 | ||
|---|---|---|---|
| 001 | 58838 | ||
| 003 | ES-MaACL | ||
| 005 | 20230906163912.0 | ||
| 007 | t| | ||
| 008 | 031024m19621967xxk ||||1| eng d | ||
| 100 | 1 |
_aEckersley, C. E. _946606 |
|
| 245 | 1 | 0 |
_aEssential english for foreign student / _cby C.E. Eckersley. |
| 250 | _aNew imp. | ||
| 260 |
_a[London] : _bLongmans, Green and Co, _c1962-67. |
||
| 300 |
_a4 v. : _bil. ; _c18 cm. |
||
| 852 |
_aES-MaACL _jC-34251-4 |
||
| 999 |
_c58838 _d58838 |
||